Turbulence (Record no. 5373)

000 -LEADER
fixed length control field 00511nam a2200205 i 4500
001 - CONTROL NUMBER
control field 5373
003 - CONTROL NUMBER IDENTIFIER
control field BD-DhUET
008 - FIXED-LENGTH DATA ELEMENTS--GENERAL INFORMATION
fixed length control field 750220s1975 nyua b 001 0 eng
020 ## - INTERNATIONAL STANDARD BOOK NUMBER
International Standard Book Number 0070290377
040 ## - CATALOGING SOURCE
Original cataloging agency DLC
Transcribing agency DLC
Modifying agency BD-DhUET
082 00 - DEWEY DECIMAL CLASSIFICATION NUMBER
Classification number 532.56
Item number HIN/1975
100 1# - MAIN ENTRY--PERSONAL NAME
Personal name Hinze, J. O.
245 00 - TITLE STATEMENT
Title Turbulence
250 ## - EDITION STATEMENT
Edition statement 2nd ed.
260 ## - PUBLICATION, DISTRIBUTION, ETC. (IMPRINT)
Place of publication, distribution, etc. New York
Name of publisher, distributor, etc. McGraw-Hill
Date of publication, distribution, etc. 1975
300 ## - PHYSICAL DESCRIPTION
Extent x,790p.
Other physical details ill.
Dimensions 24 cm.
490 0# - SERIES STATEMENT
Series statement McGraw-Hill series in mechanical engineering
650 #0 - SUBJECT ADDED ENTRY--TOPICAL TERM
Topical term or geographic name as entry element Turbulence
942 ## - ADDED ENTRY ELEMENTS (KOHA)
Koha item type General Book
Holdings
Koha date last seen Sublocation or collection (holding branch) Piece designation (barcode) Koha item type Not for loan Koha issues (times borrowed) Copy number Shelving location Koha full call number Location (home branch) Damaged status Date acquired Price effective from Source of classification or shelving scheme Withdrawn status Koha date last borrowed Lost status Koha normalized classification for sorting
2014-11-26Central Library, BUET63813General Book  1Circulation section532.56/HIN/1975Central Library, BUET 2014-11-262014-11-26    532_560000000000000_HIN_1975
2014-11-26Central Library, BUET63816General Book  2Circulation section532.56/HIN/1975Central Library, BUET 2014-11-262014-11-26    532_560000000000000_HIN_1975
2014-12-07Central Library, BUET44334General Book  3Circulation section532.56/HIN/1975Central Library, BUET 2014-12-072014-12-07    532_560000000000000_HIN_1975
2014-12-07Central Library, BUET63807General Book  4Circulation section532.56/HIN/1975Central Library, BUET 2014-12-072014-12-07    532_560000000000000_HIN_1975
2015-03-29Central Library, BUET63812General Book 15Circulation section532.56/HIN/1975Central Library, BUET 2014-12-072014-12-07  2015-03-25 532_560000000000000_HIN_1975
2014-12-07Central Library, BUET63805General Book  6Circulation section532.56/HIN/1975Central Library, BUET 2014-12-072014-12-07    532_560000000000000_HIN_1975
2014-12-07Central Library, BUET63810General Book  7Circulation section532.56/HIN/1975Central Library, BUET 2014-12-072014-12-07    532_560000000000000_HIN_1975
2014-12-07Central Library, BUET63808General Book  8Circulation section532.56/HIN/1975Central Library, BUET 2014-12-072014-12-07    532_560000000000000_HIN_1975
2014-12-07Central Library, BUET63809General Book  9Circulation section532.56/HIN/1975Central Library, BUET 2014-12-072014-12-07    532_560000000000000_HIN_1975
2023-02-28Central Library, BUET63806General Book 110Circulation section532.56/HIN/1975Central Library, BUET 2014-12-072014-12-07  2022-11-14 532_560000000000000_HIN_1975
2015-09-14Central Library, BUET63815General Book 111Circulation section532.56/HIN/1975Central Library, BUET 2014-12-072014-12-07  2015-05-26 532_560000000000000_HIN_1975
2015-03-09Central Library, BUET39158General Book  12Circulation section532.56/HIN/1975Central Library, BUET 2015-03-092015-03-09    532_560000000000000_HIN_1975
2015-06-07Central Library, BUET58968Reading Item  13Reading section532.56/HIN/1975Central Library, BUET 2015-06-072015-06-07    532_560000000000000_HIN_1975
2015-06-07Central Library, BUET60653Reading Item  14Reading section532.56/HIN/1975Central Library, BUET 2015-06-072015-06-07    532_560000000000000_HIN_1975
2015-06-23Central Library, BUET52729Reading Item  15Reading section532.56/HIN/1975Central Library, BUET 2015-06-232015-06-23    532_560000000000000_HIN_1975
2024-11-27Central Library, BUET63811General Book 116Circulation section532.56 HIN/1975Central Library, BUET 1985-06-292024-11-16  2024-11-27 532_560000000000000_HIN_1975
2024-11-16Central Library, BUET General Book    532.56 HIN/1975Central Library, BUET 2024-11-162024-11-16    532_560000000000000_HIN_1975
2024-11-16Central Library, BUET39159General Book  18Circulation section532.56 HIN/1975Central Library, BUET 2025-09-032024-11-16    532_560000000000000_HIN_1975